| 000 | 00353nam a22001337a 4500 | ||
|---|---|---|---|
| 008 | 230620b xxu||||| |||| 00| 0 eng d | ||
| 020 | _a0873674235 | ||
| 082 |
_a320.4 _bBUT 1980 |
||
| 100 | _cR. Freeman Butts | ||
| 245 | _aThe Revival of Civic Learning | ||
| 260 |
_bPhi Delta Kappa Educational Foundation _c1980 |
||
| 300 | _aV,170p | ||
| 942 |
_2ddc _cBK |
||
| 999 |
_c1543 _d1543 |
||